Supremo álgebras distributivas : una generalización de las álgebras de Tarski /

Guardado en:
Otros Autores: Calomino, Ismael María. (Disertante), Celani, Sergio. (Orientador)
Formato: Manuscrito
Idioma:Spanish
Publicado: 2015.
Materias:
Acceso en línea:Texto completo
Etiquetas: Agregar Etiqueta
Sin Etiquetas, Sea el primero en etiquetar este registro!
LEADER 01218ntm a22002895a 4500
001 MAT.inmabb007060
008 160615s2015####ag#######bm###000#0#spa#d
005 20160621162200.0
245 1 0 |a Supremo álgebras distributivas :  |b una generalización de las álgebras de Tarski /  |c Ismael María Calomino. 
260 |c 2015. 
300 |a xii, 112 h. ;  |c 30 cm. 
500 |a Director de tesis: Sergio Celani. 
500 |a "Tesis de Doctor en Matemática". 
502 |a Tesis (doctoral)--Universidad Nacional del Sur. Departamento de Matemática, 2016. 
530 |a Disponible también en formato digital 
504 |a Incluye referencias bibliográficas. 
100 1 |a Calomino, Ismael María.  |4 dis 
700 1 |a Celani, Sergio.  |4 ths 
710 2 |a Universidad Nacional del Sur.  |b Departamento de Matemática  |4 dgg. 
082 0 4 |a 040  |2 15 
082 0 4 |a 512.8  |2 15 
650 7 |a Matemática.  |2 unbist 
650 7 |a Álgebra abstracta.  |2 Tesamat 
650 7 |a Álgebras topológicas.  |2 Tesamat 
856 4 1 |3 Texto completo  |u http://repositoriodigital.uns.edu.ar/handle/123456789/2635 
859 |a AR-BaUNS  |b BIB. MATEMATICA  |h 040  |i B148 2016-1439  |k R  |p 125579/016 
859 |a AR-BaUNS  |b BIB. MATEMATICA  |h 040  |i B148 2016-1439  |p 125580/016